Annual Haircut Day / (Record no. 53500)

MARC details
000 -LEADER
fixed length control field 01425nam a22002537a 4500
005 - DATE AND TIME OF LATEST TRANSACTION
control field 2011070107447.0
020 ## - INTERNATIONAL STANDARD BOOK NUMBER
International Standard Book Number 9788182638945
Terms of availability 20.00
035 ## - SYSTEM CONTROL NUMBER
System control number B-432134-138
037 ## - SOURCE OF ACQUISITION
Stock number DPL
Source of stock number/acquisition Blue Berry
082 ## - DEWEY DECIMAL CLASSIFICATION NUMBER
Classification number S
100 ## - MAIN ENTRY--PERSONAL NAME
Personal name Noni
245 ## - TITLE STATEMENT
Title Annual Haircut Day /
Statement of responsibility, etc by Nonii; illustrated by Angie & Upesh
250 ## - EDITION STATEMENT
Edition statement 2nd
260 ## - PUBLICATION, DISTRIBUTION, ETC. (IMPRINT)
Place of publication, distribution, etc New Delhi
Name of publisher, distributor, etc Pratham Books
Date of publication, distribution, etc 2009
270 ## - ADDRESS
Address 633-634,4th "C" Main,6th 'B' Cross, OMBR Layout Banaswadi,
City Bangalore
Postal code 560043
Telephone number 911141042483 (New Delhi)
300 ## - PHYSICAL DESCRIPTION
Extent 20p.
Other physical details ill.
Dimensions 17 cm.(pbk)
942 ## - ADDED ENTRY ELEMENTS (KOHA)
Source of classification or shelving scheme Dewey Decimal Classification
Item type Children Books
Classification part S
Call number suffix NON
Holdings
Withdrawn status Lost status Not for loan Collection code Home library Current library Date acquired Source of acquisition Cost, normal purchase price Full call number Barcode Copy number Cost, replacement price Koha item type
      Fiction Central Library Central Library 20/07/2011 Blue Berry/6363/25.3.11/83/21.3.11/31.3.11 20.00 S NON B-432134 1 20.00 Children Books
      Fiction Karol Bagh Karol Bagh 20/07/2011 Blue Berry/6363/25.3.11/83/21.3.11/31.3.11 20.00 S NON B-432137 1 20.00 Children Books
      Fiction Patel Nagar Patel Nagar 20/07/2011 Blue Berry/6363/25.3.11/83/21.3.11/31.3.11 20.00 S NON B-432135 1 20.00 Children Books
      Fiction Sarojini Nagar Sarojini Nagar 20/07/2011 Blue Berry/6363/25.3.11/83/21.3.11/31.3.11 20.00 S NON B-432136 1 20.00 Children Books
  Lost and Paid For   Fiction Shahdara Branch Shahdara Branch 20/07/2011 Blue Berry/6363/25.3.11/83/21.3.11/31.3.11 20.00 S NON B-432138 1 20.00 Children Books

© Delhi Public Library
Hit Counter
free hit counter